Cluster Analysis of Lateral Skull Cephalometric Radiographs For A Group Of Egyptian School Children / (رقم التسجيلة. 179520)

تفاصيل مارك
000 -LEADER
fixed length control field 01486namaa22003251i 4500
005 - أخر تعامل مع التسجيلة
control field 20260505132519.0
008 - FIXED-LENGTH DATA ELEMENTS--GENERAL INFORMATION
fixed length control field 260416s1995 ua a|||frm||| 000 0 eng d
040 ## - CATALOGING SOURCE
Original cataloguing agency EG-GICUC
Language of cataloging eng
Transcribing agency EG-GICUC
Modifying agency EG-GICUC
Description conventions rda
041 0# - LANGUAGE CODE
Language code of text/sound track or separate title eng
Language code of summary or abstract eng
-- ara
049 ## - Acquisition Source
Acquisition Source Deposit
097 ## - Degree
Degree Ph.D
099 ## - LOCAL FREE-TEXT CALL NUMBER (OCLC)
Local Call Number Cai01.09.06.Ph.D.1995.Fa.C.
100 0# - MAIN ENTRY--PERSONAL NAME
Authority record control number or standard number Fatma Abdou Abd Elsayed,
Preparation preparation.
245 10 - TITLE STATEMENT
Title Cluster Analysis of Lateral Skull Cephalometric Radiographs For A Group Of Egyptian School Children /
Remainder of title
Statement of responsibility, etc. By Fatma Abdou Abd Elsayed ; Supervisors Dr. Ahmed Abd El-Salam Eid, Dr. Hisham Ahmed Afifi, Dr. Sanna Abou Zeid Soliman
246 15 - VARYING FORM OF TITLE
Title proper/short title تحليل عنقودي لاشعة الراس الجانبية لمجموعة من اطفال المدارس المصريين
264 #0 - PRODUCTION, PUBLICATION, DISTRIBUTION, MANUFACTURE, AND COPYRIGHT NOTICE
Date of production, publication, distribution, manufacture, or copyright notice 1995.
300 ## - PHYSICAL DESCRIPTION
Extent 91 Leaves :
Other physical details illustrations
Dimensions 30 cm. +
336 ## - CONTENT TYPE
Source rda content
Content type term text
337 ## - MEDIA TYPE
Source rdamedia
Media type term Unmediated
338 ## - CARRIER TYPE
Source rdacarrier
Carrier type term volume
502 ## - DISSERTATION NOTE
Dissertation note Thesis (Ph.D)-Cairo University, 1995
504 ## - BIBLIOGRAPHY, ETC. NOTE
Bibliography, etc. note Bibliography: pages 83-88
653 #0 - INDEX TERM--UNCONTROLLED
Uncontrolled term Lateral Skull Cephalometric Radiographs
700 0# - ADDED ENTRY--PERSONAL NAME
Personal name Ahmed Abd El-Salam Eid
Relator term thesis advisor.
700 0# - ADDED ENTRY--PERSONAL NAME
Personal name Hisham Ahmed Afifi
Relator term thesis advisor.
700 0# - ADDED ENTRY--PERSONAL NAME
Personal name Sanna Abou Zeid Soliman
Relator term thesis advisor.
900 ## - Thesis Information
Department Department of Orthodontics
Faculties Faculty of Oral and Dental Medicine
Universities Cairo University
Grant date 1995
Supervisory body Ahmed Abd El-Salam Eid
-- Hisham Ahmed Afifi
-- Sanna Abou Zeid Soliman
905 ## - Cataloger and Reviser Names
Cataloger Name Nehad
Reviser Names Nourhan
942 ## - ADDED ENTRY ELEMENTS (KOHA)
Source of classification or shelving scheme Dewey Decimal Classification
Koha item type Thesis
Edition 21
Suppress in OPAC No
المقتنيات
Source of classification or shelving scheme Home library Current library Date acquired Inventory number Full call number Barcode Date last seen Effective from Koha item type
Dewey Decimal Classification المكتبة المركزبة الجديدة - جامعة القاهرة مكتبة المئوية 16.04.2026 26093 Cai01.09.06.Ph.D.1995.Fa.C 01010110026093000 16.04.2026 16.04.2026 Thesis
Cairo University Libraries Portal Implemented & Customized by: Eng. M. Mohamady Contacts: new-lib@cl.cu.edu.eg | cnul@cl.cu.edu.eg
CUCL logo CNUL logo
© All rights reserved — Cairo University Libraries
CUCL logo
Implemented & Customized by: Eng. M. Mohamady Contact: new-lib@cl.cu.edu.eg © All rights reserved — New Central Library
CNUL logo
Implemented & Customized by: Eng. M. Mohamady Contact: cnul@cl.cu.edu.eg © All rights reserved — Cairo National University Library